[Event "Santa Eugenia op 9th"]
[Site "Santa Eugenia"]
[Date "2014.05.16"]
[Round "4"]
[White "Alejo Alvarez, Miguel Angel"]
[Black "Alejo Alvarez, Ricardo"]
[Result "1/2-1/2"]
[WhiteElo "1946"]
[BlackElo "2141"]
[PlyCount "64"]
[EventDate "2014.04.25"]
[EventType "swiss"]
[EventRounds "9"]
[EventCountry "ESP"]
[SourceTitle "EXT 2015"]
[Source "ChessBase"]
[SourceDate "2014.11.20"]
[SourceVersion "1"]
[SourceVersionDate "2014.11.20"]
[SourceQuality "1"]

1. d4 Nf6 2. c4 e6 3. Nf3 Bb4+ 4. Nbd2 c5 5. e3 0-0 6. Be2 cxd4 7. exd4 b6 8. 0-0 Bb7 9. a3 Bxd2 10. Bxd2 d5 11. Rc1 dxc4 12. Rxc4 Bd5 13. Rc1 Nc6 14. Bf4 Nh5 15. Be3 f5 16. Bg5 Qd6 17. Ne5 Nxe5 18. dxe5 Qxe5 19. Bxh5 f4 20. Be7 f3 21. Bxf8 Qxh5 22. Bd6 Qg4 23. Bg3 h5 24. Qd2 Rf8 25. Qb4 fxg2 26. Rfd1 Qf3 27. Rxd5 exd5 28. Qd4 Re8 29. Qf4 Qb3 30. Kxg2 Qxb2 31. Rd1 Qxa3 32. Rxd5 Qc3 1/2-1/2

[Event "Santa Eugenia op 8th"]
[Site "Girona"]
[Date "2013.08.??"]
[Round "2.7"]
[White "Romera Fernandez, Manel"]
[Black "Alejo Alvarez, Miguel Angel"]
[Result "0-1"]
[WhiteElo "1506"]
[BlackElo "1714"]
[PlyCount "88"]
[EventDate "2013.08.19"]
[EventType "swiss"]
[EventRounds "9"]
[EventCountry "ESP"]
[SourceTitle "EXT 2024"]
[Source "ChessBase"]
[SourceDate "2023.10.10"]
[SourceVersion "1"]
[SourceVersionDate "2023.10.10"]
[SourceQuality "1"]

1. Nf3 d5 2. b3 e6 3. Bb2 Nd7 4. g3 f5 5. Bg2 Ngf6 6. d3 c5 7. Nbd2 Bd6 8. 0-0 Qc7 9. c4 0-0 10. Qc1 f4 11. e4 fxg3 12. fxg3 d4 13. Qe1 Ng4 14. Ng5 Rxf1+ 15. Qxf1 Nde5 16. Qe2 Bd7 17. Ngf3 Ne3 18. Nxe5 Bxe5 19. Nf3 Bd6 20. Bc1 Nxg2 21. Qxg2 b5 22. Bd2 bxc4 23. dxc4 Bc6 24. Qe2 Qb7 25. Re1 a5 26. Ng5 e5 27. Qg4 Qd7 28. Qxd7 Bxd7 29. Nf3 a4 30. Rb1 axb3 31. Rxb3 Rxa2 32. Rb6 Bg4 33. Rxd6 Bxf3 34. Bg5 Bxe4 35. Re6 Rg2+ 36. Kf1 Rxh2 37. Rxe5 Bd3+ 38. Ke1 Bxc4 39. Rxc5 Be2 40. Bf4 d3 41. Rc8+ Kf7 42. Rc7+ Kf6 43. Rc6+ Kf5 44. Rd6 Rh1+ 0-1

[Event "Girona op-A 4th"]
[Site "Girona"]
[Date "2013.07.15"]
[Round "1"]
[White "Alejo Alvarez, Miguel Angel"]
[Black "Aymerich Verdaguer, Eduard"]
[Result "0-1"]
[WhiteElo "1714"]
[BlackElo "1943"]
[PlyCount "70"]
[EventDate "2013.07.15"]
[EventType "swiss"]
[EventRounds "9"]
[EventCountry "ESP"]
[SourceTitle "CBM 155 Extra"]
[Source "ChessBase"]
[SourceDate "2013.08.26"]
[SourceVersion "1"]
[SourceVersionDate "2013.08.26"]
[SourceQuality "1"]

1. d4 Nf6 2. c4 g6 3. Nc3 Bg7 4. e4 d6 5. Nf3 0-0 6. g3 Bg4 7. Bg2 Nc6 8. Be3 e5 9. d5 Nd4 10. h3 Bxf3 11. Bxf3 Nd7 12. 0-0 c5 13. Bg2 a6 14. Rb1 Rb8 15. b4 cxb4 16. Rxb4 Qa5 17. Qa4 Qxa4 18. Nxa4 Nc2 19. Rb3 b5 20. cxb5 axb5 21. Nb2 f5 22. Nd3 Nxe3 23. fxe3 Bh6 24. Re1 Rfc8 25. Re2 Rc4 26. exf5 e4 27. Nb4 Nc5 28. Nc6 Nxb3 29. Nxb8 Nc1 30. Re1 Nxa2 31. fxg6 hxg6 32. Nc6 Nc3 33. Nd4 b4 34. Kf2 Rc5 35. Nc6 b3 0-1

[Event "Girona-ch"]
[Site "Girona"]
[Date "2012.01.27"]
[Round "3"]
[White "Alejo Alvarez, Ricardo"]
[Black "Alejo Alvarez, Miguel Angel"]
[Result "1/2-1/2"]
[WhiteElo "1974"]
[BlackElo "1677"]
[PlyCount "47"]
[EventDate "2012.01.13"]
[EventType "swiss"]
[EventRounds "9"]
[EventCountry "ESP"]
[SourceTitle "EXT 2013"]
[Source "ChessBase"]
[SourceDate "2012.11.22"]
[SourceVersion "1"]
[SourceVersionDate "2012.11.22"]
[SourceQuality "1"]

1. b3 Nf6 2. Bb2 e6 3. e3 d5 4. f4 c5 5. Nf3 Nc6 6. Bb5 Bd7 7. 0-0 Be7 8. Qe2 0-0 9. c4 Nb4 10. Nc3 Bxb5 11. Nxb5 a6 12. a3 Nc6 13. Nc3 Rb8 14. Ne5 d4 15. Nd1 Qb6 16. Kh1 Rbd8 17. Nxc6 Qxc6 18. Nf2 dxe3 19. dxe3 Ne4 20. Rad1 Nxf2+ 21. Qxf2 Rxd1 22. Rxd1 Rd8 23. Rxd8+ Bxd8 24. Qd2 1/2-1/2

[Event "Girona-ch"]
[Site "Girona"]
[Date "2012.01.13"]
[Round "1"]
[White "Vidal Zamora, Alex"]
[Black "Alejo Alvarez, Miguel Angel"]
[Result "1-0"]
[WhiteElo "2183"]
[BlackElo "1677"]
[PlyCount "63"]
[EventDate "2012.01.13"]
[EventType "swiss"]
[EventRounds "9"]
[EventCountry "ESP"]
[SourceTitle "EXT 2013"]
[Source "ChessBase"]
[SourceDate "2012.11.22"]
[SourceVersion "1"]
[SourceVersionDate "2012.11.22"]
[SourceQuality "1"]

1. e4 e5 2. Nf3 Nf6 3. Nc3 Nc6 4. Bb5 d6 5. d4 exd4 6. Nxd4 Bd7 7. Nxc6 bxc6 8. Bc4 Be7 9. Qf3 0-0 10. 0-0 Be6 11. Bb3 Nd7 12. Ne2 Ne5 13. Qc3 Bf6 14. Bxe6 fxe6 15. f4 Nd7 16. Qxc6 Rb8 17. c3 Nc5 18. e5 Rb6 19. Qf3 Bxe5 20. b4 Rxb4 21. cxb4 Bxa1 22. bxc5 dxc5 23. Be3 Bd4 24. Kh1 e5 25. Qe4 c6 26. Bxd4 cxd4 27. Qxe5 d3 28. Nd4 Re8 29. Ne6 Qd7 30. f5 h6 31. Rd1 Re7 32. Rxd3 1-0